[Event "V Open"]
[Site "Sauzal ESP"]
[Date "2004.11.06"]
[Round "5"]
[White "Martin Luis,C"]
[Black "Cabrera,A"]
[Result "0-1"]
[WhiteElo "2215"]
[BlackElo "2502"]

1.d4 Nf6 2.c4 g6 3.Nc3 Bg7 4.e4 d6 5.Nf3 O-O 6.Be2 e5 7.Be3 Ng4 8.Bg5 f6
9.Bc1 exd4 10.Nxd4 f5 11.Bxg4 fxg4 12.Be3 Nc6 13.Qd2 Nxd4 14.Bxd4 Be6 15.Bxg7 Kxg7
16.O-O Qf6 17.b3 Rf7 18.Rae1 Qe5 19.Nd5 Raf8 20.Re3 h5 21.Qc3 c6 22.Nb4 Qxc3
23.Rxc3 Kf6 24.Nd3 Re7 25.f4 gxf3 26.Rxf3+ Kg7 27.Rxf8 Kxf8 28.c5 dxc5 29.Rxc5 Rd7
30.Nf4 Bf7 31.e5 Rd4 32.g3  0-1

[Event "TCh-BEL 2004-5"]
[Site "Belgium BEL"]
[Date "2004.11.07"]
[Round "3"]
[White "Verduyn,F"]
[Black "Barbier,W"]
[Result "1/2-1/2"]
[WhiteElo "2303"]
[BlackElo "2194"]

1.Nf3 Nf6 2.c4 g6 3.Nc3 Bg7 4.e4 d6 5.d4 O-O 6.Be2 Nbd7 7.O-O e5 8.Be3 Ng4
9.Bg5 f6 10.Bc1 Nh6 11.h3 c6 12.d5 c5 13.Ne1 f5 14.f3 f4 15.Nd3 Nf6 16.Bd2 Nh5
17.Rb1 Ng3 18.Re1 Nf7 19.b4 b6 20.bxc5 bxc5 21.Nf2 h5 22.Qa4 g5 23.Qc6 Bd7
24.Qb7 g4 25.hxg4 Nxe2+ 26.Nxe2 hxg4 27.Nxg4 Bxg4 28.fxg4 Ng5 29.Nc3 Rf7
30.Qa6 f3 31.Rf1 fxg2 32.Rxf7 Nxf7 33.Qb7 Rc8 34.Nd1 Rc7 35.Qb8 Rc8 36.Qb7 Rc7
37.Qb8 Rc8 38.Qb7  1/2-1/2

[Event "FSGM November"]
[Site "Budapest HUN"]
[Date "2004.11.07"]
[Round "2"]
[White "Gonda,L"]
[Black "Paschall,W"]
[Result "1/2-1/2"]
[WhiteElo "2400"]
[BlackElo "2394"]

1.d4 Nf6 2.Nf3 d6 3.c4 g6 4.Nc3 Bg7 5.e4 O-O 6.Be2 e5 7.O-O exd4 8.Nxd4 Re8
9.f3 c6 10.Nc2 Na6 11.Be3 d5 12.cxd5 cxd5 13.Bb5 Bd7 14.Bxa6 bxa6 15.Nxd5 Nxd5
16.Qxd5 Be6 17.Qxd8 Rexd8 18.Nb4 Bxb2 19.Rab1 Bd4 20.Bxd4 Rxd4 21.Rfd1 Rad8
22.Nd5 Rxd1+ 23.Rxd1 Rb8 24.Rd2 Bxd5 25.exd5 Kf8 26.d6 Rd8 27.Kf2 Ke8 28.Rd4 Kd7
29.g4 f6 30.Ra4 Kc6 31.Ke3 Kb6 32.Rd4 Kc6 33.Rc4+ Kd5 34.Rc7 Rxd6 35.Rxh7 g5
36.Rxa7 Re6+ 37.Kd3 Ke5 38.Ke3 Rc6 39.Rd7 Rc2 40.Rd2 Rc4 41.Rd3 a5 42.Rb3  1/2-1/2

[Event "WYb14"]
[Site "Heraklio GRE"]
[Date "2004.11.07"]
[Round "5"]
[White "Le Quang Liem"]
[Black "Feller,S"]
[Result "1-0"]
[WhiteElo "2329"]
[BlackElo "2191"]

1.d4 Nf6 2.c4 g6 3.Nc3 Bg7 4.e4 d6 5.Be2 O-O 6.Nf3 e5 7.O-O Nbd7 8.Re1 c6
9.h3 exd4 10.Nxd4 Re8 11.Bf1 Nc5 12.Qc2 Nh5 13.Nf3 f5 14.Bg5 Qc7 15.exf5 Bxf5
16.Qd2 Nf6 17.Be3 Nfe4 18.Nxe4 Nxe4 19.Qc1 c5 20.Nh4 Bd7 21.Qc2 Bc6 22.Bd3 Nf6
23.Bd2 Qf7 24.Bc3 b6 25.b3 Rxe1+ 26.Rxe1 Re8 27.Rd1 Qe7 28.Qd2 Nh5 29.Bxg7 Kxg7
30.g3 Qe5 31.Bf1 Re6 32.Bg2 Bxg2 33.Nxg2 Qe2 34.Qc3+ Nf6 35.Re1  1-0

[Event "V Open"]
[Site "Sauzal ESP"]
[Date "2004.11.07"]
[Round "8"]
[White "Zlotnik,B"]
[Black "Cabrera Trujillo,J"]
[Result "1-0"]
[WhiteElo "2424"]
[BlackElo "2009"]

1.d4 Nf6 2.c4 g6 3.Nc3 Bg7 4.e4 d6 5.Nf3 O-O 6.Be2 Nbd7 7.O-O e5 8.d5 Nc5
9.Qc2 a5 10.Bg5 Qe8 11.Nd2 Nfd7 12.Nb5 Na6 13.a3 f5 14.exf5 gxf5 15.Rab1 Qg6
16.Bh4 c6 17.Nc3 c5 18.Nb5 e4 19.Be7 Rf7 20.Bxd6 Be5 21.Bxe5 Nxe5 22.Qc3 Rg7
23.g3 Nf7 24.f4 Bd7 25.Kh1 b6 26.Qb3 Qh6 27.Rg1 Kh8 28.Nf1 Rag8 29.Rd1 Nd6
30.Nxd6 Qxd6 31.Qc3 Nc7 32.Ne3 Rf8 33.Qe5 Ne8 34.Rdf1 Rf7 35.Rb1 Re7 36.Qxd6 Nxd6
37.b4 axb4 38.axb4 Be8 39.bxc5 bxc5 40.Rb6 Nc8 41.Rb8 Nd6  1-0

[Event "WYb18"]
[Site "Heraklio GRE"]
[Date "2004.11.08"]
[Round "6"]
[White "Iskakov,A1"]
[Black "Vrbljanac,A"]
[Result "1/2-1/2"]
[WhiteElo "2431"]
[BlackElo "2195"]

1.d4 Nf6 2.c4 g6 3.Nc3 Bg7 4.e4 d6 5.Nf3 O-O 6.Be2 e5 7.d5 a5 8.Nd2 Na6 9.h4 Nc5
10.h5 gxh5 11.Qc2 Bg4 12.Nf1 c6 13.Ng3 Qc8 14.Bg5 h6 15.Be3 cxd5 16.Nxd5 Nxd5
17.cxd5 f5 18.Bxg4 hxg4 19.Nxf5 Qd7 20.Nxg7 Qxg7 21.Rxh6 Rac8 22.Rc1 g3 23.f3 Rf4
24.Rh1 Rxf3 25.gxf3 g2 26.Kf2 gxh1=Q 27.Rxh1 Kf7 28.Qd1 Rg8 29.Rg1 Qxg1+
30.Qxg1 Nd3+ 31.Ke2 Rxg1 32.Bxg1 Nxb2 33.Kd2 Na4 34.Kc2 b5 35.Bf2 Kf6 36.Bh4+ Kf7
37.Bd8 Nc5 38.Bxa5 Ke7 39.Kc3 Na6 40.Bb6 Kd7 41.Be3 Kc8 42.Kb3 Kb7 43.Bg5 Kc7
44.Kc3 Kd7 45.Bd2 Kc7 46.Kd3 Kd7 47.Ba5 Nc5+ 48.Kc2 Na6 49.Kd3 Nc5+ 50.Ke2 Ke7
51.Bd2 Kd7 52.Bg5 Kc7 53.Ke3 Kd7 54.Kd2 Kc7 55.Kc3 Na6 56.Be7 Kd7 57.Bf8 Kc7
58.Kd3 Nb4+ 59.Kc3 Nxa2+ 60.Kb3 Nc1+ 61.Kb4 Ne2 62.Kxb5 Nd4+ 63.Kc4 Nxf3
64.Bh6 Nh4 65.Kb3 Ng6 66.Kc3 Ne7 67.Bf8 Nc8 68.Kd3 Kb6 69.Kc4 Ka6 70.Kb4 Kb6
71.Bh6 Kc7 72.Kb5 Ne7 73.Bg5 Ng6 74.Kc4  1/2-1/2

[Event "WYb12"]
[Site "Heraklio GRE"]
[Date "2004.11.10"]
[Round "7"]
[White "Ravi,TeS"]
[Black "Sandeep,Y"]
[Result "1/2-1/2"]
[WhiteElo "2075"]
[BlackElo "2138"]

1.d4 Nf6 2.c4 g6 3.Nc3 Bg7 4.e4 d6 5.Nf3 O-O 6.Be2 Nbd7 7.O-O e5 8.dxe5 dxe5
9.h3 c6 10.Be3 Qe7 11.Qc2 Re8 12.a3 a5 13.Na4 Nh5 14.Rfd1 Nf4 15.c5 Ne6 16.Qc3 f5
17.Bc4 Kh8 18.Bxe6 Qxe6 19.Ng5 Qg8 20.Qc2 f4 21.Bd2 Bf6 22.Nf3 g5 23.Nh2 h5
24.f3 Bd8 25.Bc3 Bc7 26.b4 axb4 27.axb4 Nf8 28.Nb6 Rxa1 29.Bxa1 Bxb6 30.cxb6 Nd7
31.Rd6 Kh7 32.b5 Qf8 33.Qd1 Nxb6 34.bxc6 Nc4 35.Rd3 bxc6 36.Nf1 Qc5+ 37.Kh1 Be6
38.Qc2 Ra8 39.Rd1 Qa3 40.Bc3 Qe7 41.Ra1 Rb8 42.Qf2 Rb7 43.Nd2 Ne3 44.Nf1 Qc5
45.Bd2 Rb3 46.Re1 Rb2 47.Bxe3 Qxe3 48.Qxe3 fxe3 49.Nxe3 Rb3 50.Kg1 c5 51.Kf2 Kg6
52.Rc1 Rb2+ 53.Kf1 Rb5 54.Ke2 Rb2+ 55.Kf1 Rb5  1/2-1/2

[Event "16th Open"]
[Site "Leuven BEL"]
[Date "2004.11.12"]
[Round "2"]
[White "De Wachter,M"]
[Black "Mattheys,E"]
[Result "1-0"]
[WhiteElo "2274"]
[BlackElo "1994"]

1.Nf3 Nf6 2.c4 d6 3.d4 g6 4.Nc3 Bg7 5.e4 O-O 6.Be2 e5 7.d5 Nbd7 8.Be3 Nc5
9.Nd2 a5 10.g4 c6 11.h4 cxd5 12.cxd5 Bd7 13.h5 Qc8 14.f3 a4 15.Nc4 Qc7 16.Na3 Ne8
17.g5 Qa5 18.Qd2 Qd8 19.Bc4 b6 20.Qh2 h6 21.gxh6 Bf6 22.h7+ Kh8 23.hxg6 fxg6
24.Ke2 Qe7 25.Rag1 Qf7 26.Qg3 Bg7 27.Bb5 Ra7 28.Nc4 Rb7 29.Bxd7 Nxd7 30.Nb5  1-0

[Event "Tch-FIN 2004-5"]
[Site "Finland FIN"]
[Date "2004.11.13"]
[Round "4"]
[White "Niemela,A"]
[Black "Pihlajasalo,H"]
[Result "1/2-1/2"]
[WhiteElo "2265"]
[BlackElo "2210"]

1.d4 Nf6 2.c4 g6 3.Nc3 Bg7 4.e4 d6 5.Be2 O-O 6.Nf3 e5 7.O-O exd4 8.Nxd4 Re8
9.f3 Nc6 10.Be3 Nh5 11.Qd2 f5 12.Nxc6 bxc6 13.exf5 Bxf5 14.Bd4 Nf6 15.Rfe1 c5
16.Bf2 Qd7 17.Rad1 Qf7 18.b3 a6 19.Bd3 Bxd3 20.Qxd3 Rxe1+ 21.Rxe1 Re8 22.Rxe8+  1/2-1/2

[Event "WYg14"]
[Site "Heraklio GRE"]
[Date "2004.11.13"]
[Round "11"]
[White "Ostroverkhova,E"]
[Black "Gvilava,M"]
[Result "0-1"]
[WhiteElo "2124"]
[BlackElo "1993"]

1.c4 Nf6 2.d4 g6 3.Nc3 Bg7 4.e4 d6 5.Nf3 O-O 6.Be2 e5 7.d5 Nbd7 8.O-O Nh5
9.Ne1 Nf4 10.Nd3 Nxe2+ 11.Nxe2 f5 12.exf5 gxf5 13.f4 e4 14.Ne1 Nb6 15.Qc2 c6
16.dxc6 bxc6 17.Be3 d5 18.cxd5 cxd5 19.Nd4 Nc4 20.Qc3 Nxe3 21.Qxe3 Qb6 22.Nec2 Ba6
23.Rfd1 Bd3 24.Rxd3 exd3 25.Qxd3 Rac8 26.Kh1 Qxb2 27.Rd1 Qc3 28.Qb5 Rc5 29.Qd7 Bxd4
30.Qe6+ Kh8 31.h3 Bg7 32.Ne3 Qf6 33.Qd7 d4 34.Nf1 Qc6 35.Qxa7 Rc2  0-1

[Event "Acropolis IM Open"]
[Site "Athens GRE"]
[Date "2004.11.18"]
[Round "3"]
[White "Draci,R"]
[Black "Gkogkas,D"]
[Result "1/2-1/2"]
[WhiteElo "2229"]
[BlackElo "2134"]

1.d4 Nf6 2.Nf3 g6 3.c4 Bg7 4.Nc3 O-O 5.e4 d6 6.Be2 e5 7.O-O exd4 8.Nxd4 Re8
9.f3 c6 10.Bg5 Qb6 11.Na4 Qa5 12.Bd2 Qc7 13.Be1 Nbd7 14.Rc1 Nc5 15.Nc3 a5
16.Nb3 Nfd7 17.Bf2 Nxb3 18.Qxb3 Nc5 19.Qc2 f5 20.Bd3 Nxd3 21.Qxd3 fxe4 22.Nxe4 Be5
23.f4 Bg7 24.Nxd6 Rd8 25.c5 Be6 26.Rce1 Bd5 27.Bh4 Rxd6 28.cxd6 Qxd6 29.b3 a4
30.Be7 Qd7 31.Bc5 axb3 32.axb3 Qf7 33.Re7 Qf5 34.Qxf5 gxf5 35.Rxb7 Ra2 36.Re1 Be4
37.Bf2 c5 38.Rd7 Rb2 39.g4 Bc3 40.Rf1 fxg4 41.Rc7 Bd4 42.b4 c4 43.Rd7 Bxf2+
44.Rxf2 c3 45.Rd1 c2 46.Rc1 Rxb4 47.Rfxc2 Bxc2 48.Rxc2 Rxf4 49.Kg2  1/2-1/2

[Event "TCh-ISL 2004-5"]
[Site "Reykjavik ISL"]
[Date "2004.11.19"]
[Round "1"]
[White "Halldorsson,Br"]
[Black "Bjornsson,Si"]
[Result "0-1"]
[WhiteElo "2208"]
[BlackElo "2339"]

1.d4 Nf6 2.c4 g6 3.Nc3 Bg7 4.e4 d6 5.Be2 O-O 6.Nf3 e5 7.Be3 exd4 8.Nxd4 Re8
9.f3 c6 10.Qd2 d5 11.cxd5 cxd5 12.e5 Rxe5 13.O-O Rxe3 14.Qxe3 Nc6 15.Rfd1 Qf8
16.Nb3 Bf5 17.Qc5 d4 18.Qxf8+ Bxf8 19.Nb5 Rd8 20.N5xd4 Nxd4 21.Rxd4 Bc5 22.Rd1 Bxd4+
23.Nxd4 Be6 24.Nxe6 Rxd1+ 25.Bxd1 fxe6 26.Kf2 Kf7 27.Ke3 e5 28.f4 Ke6 29.Bf3 b6
30.Bb7 h6 31.fxe5 Kxe5 32.Bf3 g5 33.h3 Ne8 34.Kd3 Nd6 35.a4 Nf5 36.Be4 Nd4
37.b4 Nc2 38.b5 Nd4 39.Bb7 Ne6 40.Kc4 Nc5 41.Bf3 Nxa4 42.g3 Nc5 43.h4 Ne4
44.hxg5 hxg5  0-1

[Event "TCh-AUT"]
[Site "Graz AUT"]
[Date "2004.11.20"]
[Round "2"]
[White "Hertneck,G"]
[Black "Vogt,L"]
[Result "1/2-1/2"]
[WhiteElo "2552"]
[BlackElo "2481"]

1.d4 Nf6 2.c4 g6 3.Nc3 Bg7 4.e4 d6 5.Nf3 O-O 6.Be2 e5 7.O-O Nbd7 8.Qc2 c6
9.Rd1 Qe7 10.d5 c5 11.g3 Ne8 12.Nh4 Bf6 13.Ng2 Ng7 14.h4 h5 15.Rb1 b6 16.a3 Ba6
17.Qa4 Bb7 18.b4 Rfc8 19.Be3 Ne8 20.Na2 a5 21.bxc5 Nxc5 22.Qc2 Qc7 23.Nc3 Bd8
24.Na4 Ra6 25.Rb2 Qd7 26.Nxc5 bxc5 27.Rdb1 Ra7 28.Kh2 Rc7 29.Ne1 Bc8 30.Bf1 Rcb7
31.Rb5 Qc7 32.Bd2 Qb8 33.f4 exf4 34.Bxf4 Bd7 35.Rxb7 Rxb7 36.Rxb7 Qxb7 37.e5 dxe5
38.Bxe5 Nf6 39.Be2 Bf5 40.Qb2 Qe7 41.Ng2 Nd7 42.Bc3 Bc7 43.Qd2 Nf6 44.Qg5 Ng4+
45.Bxg4 Qxg5 46.hxg5 Bxg4 47.Ne3 Be2 48.a4 Kf8 49.Kg2 Ke7 50.Kf2 Bd3 51.Kf3 Bb1
52.Nd1 Bc2 53.Nb2 Kd7 54.Bg7 f5 55.gxf6 Be5 56.Bh8 Bxb2 57.f7 Ke7 58.Bxb2 Bxa4
59.Ke3 Kxf7 60.Ba3 Bb3 61.Kd3 g5 62.Bxc5 h4 63.gxh4 gxh4 64.Bd6 h3 65.Kd4  1/2-1/2

[Event "TCh-AUT"]
[Site "Graz AUT"]
[Date "2004.11.20"]
[Round "2"]
[White "Horvath,Jo1"]
[Black "Freitag,M"]
[Result "1/2-1/2"]
[WhiteElo "2508"]
[BlackElo "2395"]

1.c4 Nf6 2.Nf3 g6 3.Nc3 Bg7 4.e4 d6 5.d4 O-O 6.Be2 e5 7.Be3 Re8 8.d5 Ng4
9.Bg5 f6 10.Bh4 Nh6 11.Nd2 a5 12.f3 Nf7 13.O-O Bh6 14.Bf2 Na6  1/2-1/2

[Event "TCh-ISL 2004-5"]
[Site "Reykjavik ISL"]
[Date "2004.11.20"]
[Round "3"]
[White "Thorfinnsson,Br"]
[Black "Wallace,JP"]
[Result "1-0"]
[WhiteElo "2435"]
[BlackElo "2410"]

1.d4 Nf6 2.c4 g6 3.Nc3 Bg7 4.e4 d6 5.Nf3 O-O 6.Be2 Na6 7.O-O e5 8.Be3 Ng4
9.Bg5 Qe8 10.h3 h6 11.Bc1 Nf6 12.dxe5 dxe5 13.Be3 b6 14.Qc1 Kh7 15.a3 Nc5
16.Bxc5 bxc5 17.Ne1 Bb7 18.Qe3 Rd8 19.Nd3 h5 20.Nxc5 Ba8 21.Nd5 Ng8 22.Rad1 c6
23.Nb4 Qe7 24.Nb3 Rd4 25.c5 Rb8 26.Nxd4 exd4 27.Qf3 a5 28.Nd3 Rb3 29.Rd2 Nf6
30.Bd1 Rxd3 31.Qxd3 Nxe4 32.Re1 f5 33.Bf3 Qxc5 34.Bxe4 fxe4 35.Qxe4 Qf8 36.Qe8 Qf4
37.Rd3 Bb7 38.Qd7 Ba6 39.Rf3 Qd2 40.Re7  1-0

[Event "TCh-AUT"]
[Site "Graz AUT"]
[Date "2004.11.21"]
[Round "3"]
[White "Knoll,H"]
[Black "Wallner,A"]
[Result "1/2-1/2"]
[WhiteElo "2356"]
[BlackElo "2232"]

1.d4 Nf6 2.Nf3 g6 3.c4 Bg7 4.Nc3 O-O 5.e4 d6 6.Be2 e5 7.d5 a5 8.Be3 Ng4 9.Bg5 f6
10.Bh4 Qe8 11.Nd2 f5 12.h3 Nf6 13.g4 Na6 14.f3 Bd7 15.Bf2 b6 16.Rb1 Nc5 17.b3 Rf7
18.a3 Bh6 19.exf5 gxf5 20.Rg1 fxg4 21.hxg4 Bf4 22.Qc2 e4 23.Bxc5 bxc5 24.Ndxe4 Qe5
25.Qd3 Re8 26.Kd1 Nxe4 27.Nxe4 a4 28.b4 cxb4 29.Rxb4 c6 30.Kc2 cxd5 31.Qxd5 Qg7
32.Rgb1 Be6 33.Qd3 Rc7 34.Rb8 Rec8 35.Rxc8+ Rxc8 36.Kd1 Qe5 37.Rb7 Bf7 38.Qc3 Qxc3
39.Nxc3 Bxc4 40.Bxc4+ Rxc4 41.Ne4 Be5  1/2-1/2

[Event "TCh-ISL 2004-5"]
[Site "Reykjavik ISL"]
[Date "2004.11.21"]
[Round "4"]
[White "Hjartarson,J"]
[Black "Gretarsson,A"]
[Result "1-0"]
[WhiteElo "2628"]
[BlackElo "2335"]

1.d4 Nf6 2.c4 g6 3.Nc3 Bg7 4.e4 O-O 5.Nf3 d6 6.Be2 e5 7.O-O Nbd7 8.Be3 Re8
9.d5 Nc5 10.Nd2 a5 11.a3 c6 12.b4 Ncd7 13.Nb3 axb4 14.axb4 Rxa1 15.Qxa1 Bf8
16.Rd1 Qc7 17.f3 Nh5 18.Qa7 Qb8 19.Ra1 Nf4 20.Bf1 Qxa7 21.Rxa7 c5 22.bxc5 dxc5
23.g3 Nh5 24.Bh3 Nhf6 25.Na4 b6 26.Bg5 h6 27.Bxf6 Nxf6 28.Bxc8 Rxc8 29.Nxb6 Rb8
30.Ra6 Ne8 31.Na5 Nc7 32.Ra7 Bd6 33.Nb7 Ne8 34.Nd7 Rc8 35.Nxd6 Nxd6 36.Nxe5 Re8
37.Rd7 Nxe4 38.Ng4  1-0

[Event "Acropolis IM Open"]
[Site "Athens GRE"]
[Date "2004.11.22"]
[Round "7"]
[White "Simeonidis,I"]
[Black "Solak,D"]
[Result "0-1"]
[WhiteElo "2281"]
[BlackElo "2563"]

1.d4 d6 2.Nf3 g6 3.c4 Bg7 4.Nc3 Nf6 5.e4 O-O 6.Be2 e5 7.d5 a5 8.Be3 Ng4 9.Bg5 f6
10.Bd2 f5 11.Ng5 Nf6 12.exf5 gxf5 13.f4 e4 14.Be3 Qe7 15.Qd2 Na6 16.Nh3 Ng4
17.Bxg4 fxg4 18.Nf2 Nc5 19.O-O-O Bf5 20.Rhe1 a4 21.Bd4 Nd3+ 22.Qxd3 exd3
23.Rxe7 Bxd4 24.Nxd3 Rfe8 25.Rxe8+ Rxe8 26.Nb5 Be3+ 27.Kc2 Bxf4 28.Nd4 Bxd3+
29.Rxd3 Bxh2 30.Ne6 Re7 31.Rd2 Rf7 32.Kd3 Be5 33.b3 a3 34.Ke3 Bh2 35.Re2 h5
36.Kd3 Be5 37.Ke3 Rf1 38.Rf2 Re1+ 39.Kd3 h4 40.Rf8+ Kh7 41.Rf2 Kh6  0-1

[Event "Acropolis IM Open"]
[Site "Athens GRE"]
[Date "2004.11.24"]
[Round "9"]
[White "Gershon,A"]
[Black "Socko,B"]
[Result "1/2-1/2"]
[WhiteElo "2524"]
[BlackElo "2570"]

1.d4 Nf6 2.c4 g6 3.Nc3 Bg7 4.e4 d6 5.Be2 O-O 6.Nf3 e5 7.Be3 Ng4 8.Bg5 f6
9.Bh4 g5 10.Bg3 Nh6 11.h3 exd4 12.Nxd4 Nc6 13.O-O f5 14.Nxf5 Nxf5 15.exf5 Nd4
16.Bd3 Bxf5 17.Re1 Qd7 18.Nd5 Rf7 19.Qd2 Kh8 20.Rad1 Bxd3 21.Qxd3 Raf8 22.b3  1/2-1/2

[Event "Acropolis WGM Open"]
[Site "Athens GRE"]
[Date "2004.11.24"]
[Round "9"]
[White "Khurtsilava,I"]
[Black "Socko,M"]
[Result "0-1"]
[WhiteElo "2268"]
[BlackElo "2439"]

1.d4 Nf6 2.Nf3 g6 3.c4 Bg7 4.Nc3 d6 5.e4 O-O 6.Be2 e5 7.O-O Qe8 8.dxe5 dxe5
9.b3 Qe7 10.Bg5 c6 11.Qc1 Bg4 12.a3 Na6 13.b4 Nc7 14.h3 Bxf3 15.Bxf3 Ne6
16.Bg4 Nd4 17.Ra2 Qc7 18.Bd1 a5 19.Qe3 axb4 20.axb4 Rxa2 21.Nxa2 Ne8 22.c5 f6
23.Bh4 b6 24.Nc1 bxc5 25.bxc5 Kh8 26.Nb3 Ne6 27.Qd3 Nf4 28.Qa6 f5 29.exf5 gxf5
30.Bg3 Ng6 31.Bc2 f4 32.Bxg6 hxg6 33.Bh4 e4 34.Rd1 g5 35.Bxg5 Qf7 36.Nc1 Qh5
37.Re1 Qxg5 38.Qxc6 f3 39.g4 Bc3 40.Rxe4 Qxc1+ 41.Kh2 Be5+  0-1

[Event "XXI WJun Women"]
[Site "Kochin IND"]
[Date "2004.11.24"]
[Round "8"]
[White "Karavade,E"]
[Black "Paehtz,E"]
[Result "1/2-1/2"]
[WhiteElo "2307"]
[BlackElo "2398"]

1.Nf3 Nf6 2.c4 d6 3.d4 g6 4.Nc3 Bg7 5.e4 O-O 6.Be2 Nbd7 7.O-O e5 8.Be3 Ng4
9.Bg5 f6 10.Bh4 Nh6 11.Qd2 Nf7 12.Rad1 c6 13.b4 a5 14.a3 axb4 15.axb4 Qb6
16.Rb1 g5 17.dxe5 dxe5 18.c5 Qc7 19.Bg3 Rd8 20.Qc2 Nf8 21.Na4 Be6 22.Rfd1 Qe7
23.Nd2 Ng6 24.f3 h5 25.Nc4 Nf4 26.Bf1 g4 27.Nab6 Rab8 28.fxg4 hxg4 29.Rxd8+ Rxd8
30.Rd1 Bh6 31.Bf2 Kg7 32.Nd6 Nxd6 33.cxd6 Qf7 34.Bc4 Qh5 35.d7 Qf7 36.Bc5 Kh7
37.g3 Nh3+ 38.Kg2 Ng5 39.Bxe6 Qxe6 40.Qc4 Kg6 41.Qxe6 Nxe6 42.Be7 Bf8 43.Bxd8 Nxd8
44.Rb1 Kf7 45.Nc4 Ke6 46.Ne3 Kxd7 47.Nxg4 Ke6 48.Ne3 Nf7 49.h4 Nd6 50.Kf3 Nb5
51.Nf5 Nd4+ 52.Kg4 b6 53.Ne3 Bh6 54.Nc4 b5 55.Na5 Bf8 56.Kh5 Ne2 57.Kg4 Nc3
58.Rc1 Nxe4 59.Nxc6 f5+ 60.Kf3 Nf6 61.Na7 e4+ 62.Ke2 Bxb4 63.Nxb5 Ke5 64.Rc4 Be7
65.Nd4 Nh5 66.Nc6+ Kd5 67.Nxe7+ Kxc4 68.Nxf5 Kd5 69.Ke3 Ke5 70.g4 Nf6 71.Nh6 Nd5+
72.Kf2 Kf4 73.g5 Ne7 74.Ke2 Ng6 75.h5  1/2-1/2

[Event "17th Belgrade Trophy"]
[Site "Obrenovac SCG"]
[Date "2004.11.25"]
[Round "4"]
[White "Stojanovic,Mih"]
[Black "Brkljaca,A"]
[Result "1-0"]
[WhiteElo "2504"]
[BlackElo "2391"]

1.d4 Nf6 2.Nf3 g6 3.c4 Bg7 4.Nc3 O-O 5.e4 d6 6.Be2 e5 7.Be3 Ng4 8.Bg5 f6
9.Bh4 Nd7 10.dxe5 dxe5 11.Nd2 Nh6 12.f3 Nf7 13.b4 a5 14.a3 Bh6 15.Nb3 axb4
16.axb4 Rxa1 17.Qxa1 c6 18.Bf2 Qe7 19.b5 Rd8 20.O-O Nf8 21.Na5 Qe8 22.Qa4 Bd2
23.Nb1 cxb5 24.cxb5 Bh6 25.Nc3 Ne6 26.Nd5 Kg7 27.Rd1 Nf4 28.Bc4 Nxd5 29.Bxd5 Bd7
30.Rb1 Nd6 31.Nxb7 Nxb5 32.Nxd8 Nc3 33.Ne6+ Kh8 34.Qxd7  1-0

[Event "ch-VIE"]
[Site "Ha Long City VIE"]
[Date "2004.11.28"]
[Round "3"]
[White "Duong The Anh"]
[Black "Nguyen Van Huy"]
[Result "1/2-1/2"]
[WhiteElo "2288"]
[BlackElo "2325"]

1.d4 Nf6 2.Nf3 g6 3.c4 Bg7 4.Nc3 O-O 5.e4 d6 6.Be2 e5 7.O-O Nbd7 8.Re1 c6
9.d5 Qe7 10.Rb1 a5 11.Bf1 Nc5 12.b3 Bd7 13.a3 cxd5 14.cxd5 Rfc8  1/2-1/2

[Event "17th Belgrade Trophy"]
[Site "Obrenovac SCG"]
[Date "2004.11.28"]
[Round "7"]
[White "Vukanovic,S"]
[Black "Nanu,C"]
[Result "1-0"]
[WhiteElo "2343"]
[BlackElo "2459"]

1.Nf3 Nf6 2.c4 g6 3.Nc3 Bg7 4.e4 d6 5.d4 O-O 6.Be2 Nbd7 7.O-O e5 8.Be3 Ng4
9.Bg5 f6 10.Bd2 Nh6 11.dxe5 dxe5 12.b4 c6 13.Qb3 Nf7 14.Rad1 Qe7 15.Rfe1 Rd8
16.Be3 Nf8 17.Bc5 Qe8 18.Rxd8 Qxd8 19.Rd1 Qe8 20.h3 Be6 21.Be3 Bh6 22.Bxh6 Nxh6
23.b5 Nf7 24.bxc6 Qxc6 25.Nd5 Kg7 26.Qa3 Bd7 27.Nd2 b6 28.Nb3 Be8 29.c5 bxc5
30.Nxc5 a5 31.Rb1 Rc8 32.Na6 Qc2 33.Bd3 Qd2 34.Nac7 Bc6 35.Ba6 Rd8 36.Qe7 Qg5
37.Bb7 Ba4 38.Rb6 f5 39.Rf6  1-0

[Event "Lushki B"]
[Site "Serpukhov RUS"]
[Date "2004.11.28"]
[Round "14"]
[White "Duisenova,M"]
[Black "Melnikova,Y"]
[Result "0-1"]
[WhiteElo "2186"]
[BlackElo "2223"]

1.d4 Nf6 2.Nf3 g6 3.c4 Bg7 4.Nc3 O-O 5.e4 d6 6.Be2 Na6 7.O-O e5 8.Be3 Ng4
9.Bg5 Qe8 10.dxe5 dxe5 11.h3 f6 12.Bd2 Nh6 13.c5 Nxc5 14.Qc1 Nf7 15.Nd5 Ne6
16.Nxc7 Nxc7 17.Qxc7 Nd8 18.Rfd1 Be6 19.Be3 Rf7 20.Qa5 Nc6 21.Qa4 a6 22.Bb6 Bf8
23.Kh1 h6 24.Bc4 f5 25.Qb3 Bxc4 26.Qxc4 f4 27.Rd2 Kh7 28.Rad1 g5 29.a3 Rg7
30.Nh2 h5 31.f3 Rc8 32.Qb3 Rf7 33.Rd5 Bg7 34.Qd3 Kg8 35.Qb3 Kh8 36.Qd3 Bf6
37.Rc1 Re7 38.Rd6 Kg7 39.Rc3 Nd4 40.Rd5 Re6 41.Bxd4 exd4 42.Rcc5 Rxc5 43.Rxc5 Rc6
44.Qc4 Rxc5 45.Qxc5 Qc6 46.Qxc6 bxc6 47.Kg1 d3 48.Kf2 Bxb2 49.a4 Bc3 50.Kf1 Kf6
51.g3 Ke5 52.h4 gxh4 53.gxf4+ Kxf4  0-1

[Event "ch-USA"]
[Site "San Diego USA"]
[Date "2004.12.02"]
[Round "7"]
[White "Muhammad,S"]
[Black "Christiansen,L"]
[Result "0-1"]
[WhiteElo "2387"]
[BlackElo "2531"]

1.d4 Nf6 2.c4 g6 3.Nc3 Bg7 4.e4 d6 5.Nf3 O-O 6.Be2 e5 7.O-O Qe8 8.dxe5 dxe5
9.Be3 Nbd7 10.Nd2 c6 11.Qc2 Qe7 12.Nb3 Ne8 13.Na4 Nc7 14.Nac5 Nf6 15.Rad1 b6
16.Na4 Ba6 17.Nc3 Ne6 18.c5 Bxe2 19.Qxe2 Nd7 20.cxb6 axb6 21.Qd2 Ra7 22.Qd6 Qxd6
23.Rxd6 Rc8 24.Rfd1 Rcc7 25.a3 Bf8 26.R6d2 h5 27.Kf1 Be7 28.g3 f6 29.f3 Rab7
30.Rc2 Kf7 31.Na4 c5 32.Nd2 Nd4 33.Rcc1 f5 34.Nc3 Nf6 35.Kg2 b5 36.Bg5 b4
37.Na4 Ra7 38.Bxf6 Bxf6 39.Rxc5 bxa3 40.bxa3 Rxc5 41.Nxc5 Rxa3 42.Nb1 Re3
43.Rd2 Be7 44.Na4 Nxf3 45.Rf2 fxe4 46.Nd2 Ke6 47.Nxf3 exf3+ 48.Rxf3 Re1 49.h4 e4
50.Rb3 Re2+ 51.Kf1 Rc2 52.Nc3 Kf5 53.Nd5 Bc5 54.Rb5 Kg4 55.Rb3 Rf2+ 56.Ke1 Rf3
57.Rb5 Bf2+ 58.Ke2 Kxg3 59.Ne7 Re3+ 60.Kd2 Ra3 61.Nxg6 e3+ 62.Ke2 Ra2+ 63.Kd3 e2
64.Rg5+ Kh3 65.Nf4+ Kxh4 66.Re5 Bd4  0-1

[Event "Open"]
[Site "Porec HUN"]
[Date "2004.12.03"]
[Round "3"]
[White "Vukovic,Ni"]
[Black "Juras,Z"]
[Result "1-0"]
[WhiteElo "2172"]
[BlackElo "2062"]

1.d4 Nf6 2.c4 g6 3.Nc3 Bg7 4.e4 O-O 5.Nf3 d6 6.Be2 Nbd7 7.O-O e5 8.d5 Qe7
9.Rb1 Nc5 10.Nd2 a5 11.b3 Bh6 12.Qc2 Bg4 13.Bxg4 Nxg4 14.h3 Nf6 15.a3 Nh5
16.b4 axb4 17.axb4 Nd7 18.Ne2 f5 19.c5 dxc5 20.bxc5 Nxc5 21.Nb3 Bxc1 22.Qxc5 Ba3
23.Qxe7 Bxe7 24.Rfc1 Bd6 25.exf5 gxf5 26.Nc5 Ra5 27.Ne6 Rf7 28.Rxb7 Re7 29.Rb8+ Kf7
30.Nd8+ Kf6 31.Nc6 Rxd5 32.Nxe7 Kxe7 33.g4 fxg4 34.hxg4 Nf6 35.Rc4 e4 36.Nd4 Nxg4
37.Nc6+ Kf6 38.Rxe4 h5 39.Rb3 Rg5 40.Kf1 Rf5 41.f3 Ne5 42.Nd4 Nc4 43.Nxf5 Nd2+
44.Ke2 Nxb3 45.Ne3 c5 46.Nc4 Be7 47.Kf2 Nd4 48.Kg3 Nf5+ 49.Kf4 Bf8 50.Re5 Nd6
51.Rxc5 Nxc4 52.Rxc4 Bd6+ 53.Ke4 Bg3 54.f4 h4 55.Rc6+ Kf7 56.Kf5 Ke8 57.Rc7 Kf8
58.Kg5 Kg8 59.Rc3 Kf7 60.f5 Be5  1-0

[Event "Open"]
[Site "Porec HUN"]
[Date "2004.12.03"]
[Round "4"]
[White "Trtanj,T"]
[Black "Paljusaj,E"]
[Result "0-1"]
[WhiteElo "2112"]
[BlackElo "2216"]

1.d4 Nf6 2.c4 g6 3.Nc3 Bg7 4.e4 d6 5.Nf3 O-O 6.Be2 e5 7.O-O Na6 8.h3 Nd7
9.Bg5 Qe8 10.Qd2 f6 11.Bh6 c6 12.d5 c5 13.Bxg7 Kxg7 14.Nb5 Qe7 15.g4 Rf7
16.Kh2 Nf8 17.Rg1 g5 18.h4 Ng6 19.h5 Nf4 20.Ne1 Nb8 21.Nc2 a6 22.Nc3 Kh8
23.Ne3 Qd7 24.Rg3 Qd8 25.Bd1 b6 26.Qc2 Rb7 27.a4 Bd7 28.Nf5 Be8 29.Be2 Qc7
30.Bf1 Nd7 31.Ne2 Rab8 32.Rb3 Nf8 33.Neg3 Qd8 34.Ra2 Qc7 35.Ra1 Bd7 36.Nh6 Bc8
37.Nhf5 Qd8 38.Ra2 Kg8 39.Nh6+ Kg7 40.Nhf5+ Bxf5 41.Nxf5+ Kh8 42.Ra1 Kg8
43.Nh6+ Kh8 44.Nf5 Qc7 45.Ra2 Qd8 46.Ra1 Rf7 47.Raa3 Qc7 48.Ra1 Qd8 49.Ra2 Rfb7
50.Ra1 Kg8 51.Nh6+ Kg7 52.Nf5+ Kf7 53.Ra2 Ke8 54.Ra1 Kd7 55.Ra2 Kc8 56.Ra1 a5
57.Raa3 Rd7 58.Rb5 Kb7 59.Rbb3 Ka7 60.Bd3  0-1

[Event "ch-GRE"]
[Site "Athens GRE"]
[Date "2004.12.04"]
[Round "1"]
[White "Mastrovasilis,A"]
[Black "Kotronias,V"]
[Result "0-1"]
[WhiteElo "2502"]
[BlackElo "2599"]

1.d4 Nf6 2.c4 g6 3.Nc3 Bg7 4.e4 d6 5.Nf3 O-O 6.Be2 e5 7.d5 a5 8.Be3 Ng4 9.Bg5 f6
10.Bd2 Na6 11.h3 Nh6 12.h4 c6 13.Qc1 Nf7 14.h5 f5 15.hxg6 hxg6 16.Ng5 Nc5
17.Be3 Nxg5 18.Bxg5 Qc7 19.exf5 Bxf5 20.Qe3 e4 21.O-O Rae8 22.Rad1 Be5 23.Bf4 Bc8
24.Bg3 Qe7 25.Rd2 Rf7 26.Rfd1 Rd8 27.dxc6 bxc6 28.Bxe5 Qxe5 29.Rd4 Rh7 30.f4 Qe7
31.Qg3 Bf5 32.Bg4 Kh8 33.Bxf5 gxf5 34.Qg5 Qf8 35.Ne2 Ne6 36.Qg6 Rh6 37.Qg3 Nxd4
38.Nxd4 d5 39.Qc3 Qc5 40.b3 dxc4 41.Kf1 Kh7 42.Ke2 Rg8 43.Rg1 Rg4 44.bxc4 Rd6
45.Rh1+ Kg6 46.Qh3 Qxc4+ 47.Ke1 Qc1+ 48.Ke2 Qb2+ 49.Ke1 Qa1+ 50.Ke2 Qxa2+
51.Ke1 Qb1+ 52.Kf2 Qb2+ 53.Ke1 Qb1+ 54.Kf2 Rxf4+ 55.Nf3 Qb2+ 56.Ke1 Qc1+
57.Kf2 Qc5+ 58.Ke1 Qe3+  0-1

[Event "ch-GRE"]
[Site "Athens GRE"]
[Date "2004.12.04"]
[Round "1"]
[White "Halkias,S"]
[Black "Banikas,H"]
[Result "1/2-1/2"]
[WhiteElo "2526"]
[BlackElo "2538"]

1.d4 Nf6 2.Nf3 g6 3.c4 Bg7 4.Nc3 O-O 5.e4 d6 6.Be2 e5 7.Be3 Na6 8.O-O c6
9.dxe5 dxe5 10.Qxd8 Rxd8 11.Rfd1 Re8 12.h3 Bf8 13.Nd2 b6 14.a3 Nc5 15.b4 Ne6
16.Nf3 c5 17.Nd5 Nxd5 18.cxd5 Nd4 19.Bd3 Nxf3+ 20.gxf3 Bxh3 21.bxc5 bxc5
22.Rac1 Bd7 23.Bxc5 Ba4 24.Re1 Rec8 25.Bxf8 Kxf8 26.Ba6 Rcb8 27.Rc7 Rb6 28.Bc4 Be8
29.Rd1 Rd6 30.Rb1 Rb6 31.Rd1 Rd6 32.Rc1 Rd7 33.Ba2 Ke7 34.Bb3 Rxc7 35.Rxc7+ Kd6
36.Rb7 h5 37.Kg2  1/2-1/2